[Event "Rheinland-ch MT-B 28th"]
[Site "Trier"]
[Date "2005.??.??"]
[Round "9"]
[White "Wohde, Jens"]
[Black "Schwertel, Johann"]
[Result "1/2-1/2"]
[WhiteElo "1970"]
[BlackElo "2050"]
[PlyCount "22"]
[EventDate "2005.03.??"]
[EventType "tourn"]
[EventRounds "9"]
[EventCountry "GER"]
[SourceTitle "EXT 2009"]
[Source "ChessBase"]
[SourceDate "2008.11.26"]
[SourceVersion "1"]
[SourceVersionDate "2008.11.26"]
[SourceQuality "1"]

1. e4 c6 2. d4 d5 3. e5 c5 4. c4 cxd4 5. Qxd4 Nc6 6. Qxd5 Qxd5 7. cxd5 Nxe5 8. Nc3 Bd7 9. Bf4 Ng6 10. Bg3 Nf6 11. Nf3 e6 1/2-1/2

[Event "Rheinland-ch MT-B 28th"]
[Site "Trier"]
[Date "2005.??.??"]
[Round "5"]
[White "Wohde, Jens"]
[Black "Telke, Holger"]
[Result "1/2-1/2"]
[WhiteElo "1970"]
[BlackElo "2165"]
[PlyCount "112"]
[EventDate "2005.03.??"]
[EventType "tourn"]
[EventRounds "9"]
[EventCountry "GER"]
[SourceTitle "EXT 2009"]
[Source "ChessBase"]
[SourceDate "2008.11.26"]
[SourceVersion "1"]
[SourceVersionDate "2008.11.26"]
[SourceQuality "1"]

1. e4 e6 2. d4 d5 3. exd5 exd5 4. Bd3 c5 5. c3 Nc6 6. Ne2 Qf6 7. Be3 c4 8. Bc2 Bd6 9. Qd2 h6 10. Bf4 Nge7 11. Bxd6 Qxd6 12. b4 Bf5 13. Na3 Bxc2 14. Nxc2 a5 15. b5 Nd8 16. a4 Ne6 17. 0-0 b6 18. Ne3 0-0-0 19. Qc2 g6 20. Ng4 Rdg8 21. Qc1 h5 22. Ne5 Rg7 23. Qa3 Qc7 24. Rae1 f6 25. Nf3 Nf5 26. Ng3 Nf4 27. Nxf5 gxf5 28. g3 h4 29. Kh1 hxg3 30. fxg3 Nd3 31. Re6 Kd7 32. Rxf6 Ke8 33. Ne5 Nxe5 34. Re6+ Re7 35. Qxe7+ Qxe7 36. Rxe7+ Kxe7 37. Re1 Kd6 38. Rxe5 f4 39. Kg2 f3+ 40. Kxf3 Rxh2 41. Re2 Rh1 42. g4 Rh3+ 43. Kf4 Rxc3 44. g5 Rd3 45. g6 Rxd4+ 46. Kf5 Rd1 47. g7 Rf1+ 48. Kg6 Rg1+ 49. Kf7 Rxg7+ 50. Kxg7 d4 51. Kf6 d3 52. Re6+ Kd5 53. Rxb6 d2 54. Ke7 c3 55. Rd6+ Ke4 56. b6 c2 1/2-1/2

[Event "Rheinland-ch MT-B 28th"]
[Site "Trier"]
[Date "2005.??.??"]
[Round "1"]
[White "Zupcevic, Damir"]
[Black "Wohde, Jens"]
[Result "1/2-1/2"]
[WhiteElo "1985"]
[BlackElo "1970"]
[PlyCount "45"]
[EventDate "2005.03.??"]
[EventType "tourn"]
[EventRounds "9"]
[EventCountry "GER"]
[SourceTitle "EXT 2009"]
[Source "ChessBase"]
[SourceDate "2008.11.26"]
[SourceVersion "1"]
[SourceVersionDate "2008.11.26"]
[SourceQuality "1"]

1. d4 d5 2. e4 e6 3. exd5 exd5 4. Bd3 Bd6 5. Nf3 Nf6 6. Qe2+ Qe7 7. Qxe7+ Bxe7 8. 0-0 0-0 9. Re1 Bd6 10. Bg5 Nbd7 11. Ne5 Re8 12. Nd2 h6 13. Bh4 b6 14. Bb5 Bxe5 15. dxe5 Rxe5 16. Bc6 Rb8 17. Bg3 Rxe1+ 18. Rxe1 Bb7 19. Bxd7 Nxd7 20. Re7 Bc6 21. Bxc7 Rb7 22. Bf4 Nf6 23. Rxb7 1/2-1/2

[Event "SVR-ch MAT-A"]
[Site "Hoehr-Grenzhausen"]
[Date "2004.??.??"]
[Round "?"]
[White "Gruschinski, Rainer"]
[Black "Wohde, Jens"]
[Result "0-1"]
[WhiteElo "1975"]
[BlackElo "1840"]
[PlyCount "84"]
[EventDate "2004.??.??"]
[EventType "tourn"]
[EventRounds "9"]
[EventCountry "GER"]
[SourceTitle "EXT 2009"]
[Source "ChessBase"]
[SourceDate "2008.11.26"]
[SourceVersion "1"]
[SourceVersionDate "2008.11.26"]
[SourceQuality "1"]

1. e4 c6 2. d4 d5 3. e5 Na6 4. c4 dxc4 5. Bxc4 Bf5 6. g4 Be4 7. f3 Bd5 8. Bxd5 Qxd5 9. Nc3 Qd7 10. Nge2 e6 11. Kf2 Ne7 12. a3 Nc7 13. Ne4 Ned5 14. Bg5 h6 15. Bh4 g5 16. Bg3 Be7 17. Qa4 f5 18. exf6 Nxf6 19. Kg2 Ncd5 20. Rae1 0-0 21. h4 Ne3+ 22. Kg1 Nxe4 23. fxe4 Nxg4 24. e5 Ne3 25. Nc3 Nf5 26. Qc2 Qxd4+ 27. Kg2 Rad8 28. Qb3 Qd7 29. hxg5 Bxg5 30. Ne4 Qd5 31. Qxd5 Rxd5 32. Nxg5 Rd2+ 33. Kh3 hxg5 34. Bh2 Kg7 35. Kg4 Kg6 36. Bg1 Nh6+ 37. Kg3 Rxb2 38. Bxa7 Rb3+ 39. Kg2 Rxa3 40. Bc5 Ra2+ 41. Kg1 Rfa8 42. Bd4 Nf5 0-1

[Event "SVR-ch MAT-A"]
[Site "Hoehr-Grenzhausen"]
[Date "2004.??.??"]
[Round "?"]
[White "Meyer, Marco"]
[Black "Wohde, Jens"]
[Result "0-1"]
[WhiteElo "1835"]
[BlackElo "1840"]
[PlyCount "110"]
[EventDate "2004.??.??"]
[EventType "tourn"]
[EventRounds "9"]
[EventCountry "GER"]
[SourceTitle "EXT 2009"]
[Source "ChessBase"]
[SourceDate "2008.11.26"]
[SourceVersion "1"]
[SourceVersionDate "2008.11.26"]
[SourceQuality "1"]

1. e4 c6 2. d3 d5 3. Nd2 e5 4. g3 Nf6 5. Ngf3 Qc7 6. Bg2 Bg4 7. h3 Bh5 8. g4 Bg6 9. Nh4 Be7 10. Nf5 Bxf5 11. gxf5 Nbd7 12. Qe2 0-0-0 13. Nb3 g6 14. fxg6 hxg6 15. Bd2 dxe4 16. dxe4 Nh5 17. 0-0-0 Nc5 18. Nxc5 Bxc5 19. Qg4+ Qd7 20. Qxd7+ Rxd7 21. Bf3 Kc7 22. Bg4 Rd6 23. Bc3 f6 24. Bxh5 Rxh5 25. Rxd6 Kxd6 26. f3 Rg5 27. Bd2 Rg3 28. f4 Rg1+ 29. Rxg1 Bxg1 30. f5 gxf5 31. exf5 Bf2 32. Kd1 Kd5 33. Ke2 Bh4 34. Kf3 e4+ 35. Kg4 Bf2 36. Bc3 Bd4 37. Kf4 e3 38. Be1 Bxb2 39. h4 e2 40. h5 Bc1+ 41. Kf3 Ke5 42. Bc3+ Kxf5 43. Kxe2 c5 44. Kd3 b5 45. Be1 Bb2 46. c3 a5 47. Bd2 b4 48. Be3 Bxc3 49. Bxc5 Kg5 50. a4 Be1 51. Bd4 f5 52. Ke2 Bc3 53. Bb6 b3 54. Kd3 b2 55. Kc2 Kxh5 0-1

[Event "SVR-ch MAT-A"]
[Site "Hoehr-Grenzhausen"]
[Date "2004.??.??"]
[Round "?"]
[White "Wohde, Jens"]
[Black "Kottemer, Juergen"]
[Result "1-0"]
[WhiteElo "1840"]
[BlackElo "2070"]
[PlyCount "89"]
[EventDate "2004.??.??"]
[EventType "tourn"]
[EventRounds "9"]
[EventCountry "GER"]
[SourceTitle "EXT 2009"]
[Source "ChessBase"]
[SourceDate "2008.11.26"]
[SourceVersion "1"]
[SourceVersionDate "2008.11.26"]
[SourceQuality "1"]

1. e4 e6 2. d4 d5 3. exd5 exd5 4. Bd3 Nc6 5. c3 Bd6 6. Nf3 Nge7 7. 0-0 Bg4 8. h3 Bh5 9. Re1 Qd7 10. Nbd2 0-0-0 11. b4 Ng6 12. Qc2 Nce7 13. Ne5 Bxe5 14. dxe5 Nf4 15. Bf1 g5 16. Nb3 Bg6 17. Qd1 Ne6 18. Be3 Kb8 19. b5 Nf5 20. Nc5 Nxc5 21. Bxc5 h5 22. a4 g4 23. hxg4 hxg4 24. g3 Ng7 25. a5 Ne6 26. Be3 Be4 27. Bg2 Bxg2 28. Kxg2 d4 29. Bxd4 Qd5+ 30. f3 gxf3+ 31. Kf2 Ng5 32. Rh1 Ne4+ 33. Ke3 Rxh1 34. Bxa7+ Kxa7 35. b6+ Kb8 36. Qxd5 Rxd5 37. Rxh1 cxb6 38. axb6 Kc8 39. Kxe4 Rb5 40. Rf1 Rxb6 41. Rxf3 Rc6 42. Kd5 Rg6 43. c4 Rg7 44. c5 Kd7 45. Rxf7+ 1-0

[Event "Rheinland-ch MAT B"]
[Site "Koblenz"]
[Date "2003.04.19"]
[Round "9"]
[White "Wohde, Jens"]
[Black "Kohlei, Rolf"]
[Result "0-1"]
[WhiteElo "1803"]
[BlackElo "2075"]
[PlyCount "80"]
[EventDate "2003.04.11"]
[EventType "tourn"]
[EventRounds "9"]
[EventCountry "GER"]
[SourceTitle "EXT 2004"]
[Source "ChessBase"]
[SourceDate "2003.11.25"]
[SourceVersion "1"]
[SourceVersionDate "2003.11.25"]
[SourceQuality "1"]

1. e4 d6 2. d4 g6 3. Nf3 Bg7 4. Nc3 c6 5. Be2 Nd7 6. 0-0 Qc7 7. Be3 Ngf6 8. Qd2 Ng4 9. Bf4 e5 10. dxe5 dxe5 11. Bg3 0-0 12. h3 Ngf6 13. Rfd1 Re8 14. Qd6 Qa5 15. b4 Qa3 16. Rd3 Re6 17. Qc7 Qxb4 18. Ng5 Ne8 19. Qd8 Bf6 20. Nxe6 Bxd8 21. Nxd8 Qe7 22. Rad1 Nc5 23. Rf3 f6 24. Bc4+ Kg7 25. Nf7 b5 26. Nxe5 bxc4 27. Nxc6 Qb7 28. Nd8 Qb6 29. e5 Bf5 30. Nd5 Qxd8 31. exf6+ Kf7 32. Re3 Be6 33. Bh4 h6 34. f4 Qd6 35. g4 g5 36. f5 Bxd5 37. Re7+ Kxf6 38. Rh7 gxh4 39. Rxh6+ Ke5 40. Rxd6 Nxd6 0-1

[Event "Rheinland-ch MAT B"]
[Site "Koblenz"]
[Date "2003.04.12"]
[Round "3"]
[White "Hardt, Bernd"]
[Black "Wohde, Jens"]
[Result "1/2-1/2"]
[WhiteElo "1830"]
[BlackElo "1803"]
[PlyCount "150"]
[EventDate "2003.04.11"]
[EventType "tourn"]
[EventRounds "9"]
[EventCountry "GER"]
[SourceTitle "EXT 2004"]
[Source "ChessBase"]
[SourceDate "2003.11.25"]
[SourceVersion "1"]
[SourceVersionDate "2003.11.25"]
[SourceQuality "1"]

1. e4 c6 2. d4 d5 3. Nc3 dxe4 4. Nxe4 Nd7 5. Ng5 Ngf6 6. Bd3 h6 7. Ne6 Qa5+ 8. Bd2 Qb6 9. Nf3 Nb8 10. Nxf8 Rxf8 11. c4 Bg4 12. Bc3 Nbd7 13. a4 c5 14. d5 0-0-0 15. Qd2 Qd6 16. 0-0 Bxf3 17. gxf3 Ne5 18. Bxe5 Qxe5 19. Rfe1 Qd6 20. Ra3 Kb8 21. Qe3 Rfe8 22. Bf5 g6 23. Bh3 Nh5 24. Qe5 Qxe5 25. Rxe5 Nf4 26. Bf1 g5 27. Rae3 Ng6 28. R5e4 f6 29. Bh3 Rf8 30. Bf5 Nh4 31. Bh3 Ng6 32. Bf5 Ne5 33. Rxe5 fxe5 34. Rxe5 Rf7 35. Bg4 Rd6 36. b3 Kc7 37. Bh5 Rg7 38. Kf1 Rb6 39. Re3 Rf6 40. Ke2 Kd6 41. Kd3 e5 42. dxe6 Rxe6 43. Bg4 Rxe3+ 44. fxe3 Ke5 45. Kd2 h5 46. Bxh5 Rh7 47. Bg4 Rxh2+ 48. Kd3 Rh7 49. Bc8 Re7 50. Bg4 Kd6 51. Bf5 Kc7 52. Be4 Kb6 53. Bd5 Ka5 54. e4 Kb4 55. Kc2 b6 56. Bg8 Re8 57. Bd5 Rh8 58. e5 Rh2+ 59. Kd3 Kxb3 60. e6 Rh7 61. Ke4 Kxa4 62. Kf5 Kb3 63. Kg6 Rc7 64. Kxg5 a5 65. f4 a4 66. f5 a3 67. f6 a2 68. e7 Rc8 69. f7 a1Q 70. e8Q Qg1+ 71. Kf6 Qf2+ 72. Ke6 Qe3+ 73. Kd7 Qxe8+ 74. fxe8Q Rxe8 75. Kxe8 Kb4 1/2-1/2